What Does Every Country In the World Exports The Most - Statistics

General Stats
  • This quiz has been taken 86 times
  • The average score is 98 of 191
Answer Stats
Hint Answer % Correct
Argentina Cooking Oil
92%
Algeria | Angola | Azerbaijan | +46 others Oil
91%
Botswana | Burkina Faso | Burundi | +23 others Gold
74%
Romania Vehicles
69%
Belgium | Czech Republic | Germany | +13 others Cars
68%
Cape Verde | Kiribati | Maldives | +8 others Fish
51%
Guatemala Bananas
49%
Urugauay Wood Pulps
49%
Ethiopia Coffee
48%
Central African Republic | Latvia | Solomon Islands Wood
48%
Armenia | Chile | D.R. Congo | +3 others Copper
47%
Mauritania Iron
47%
Fiji Water
40%
Australia | Indonesia | Mongolia | Mozambique Coal
39%
Benin Cotton
38%
Israel Diamonds
36%
Andorra Electronic Circults
31%
Kenya | Sri Lanka Tea
31%
Malaysia | Philippines | Singapore | +2 others Electronic Circults
27%
Taiwan Electronics
27%
New zealand Milk
27%
Brazil Soy beans
26%
Paraguay Soy Beans
26%
Afghanistan Grapes
25%
Syria Olive Oil
22%
Iceland | Jamaica | Montenegro Aluminium
21%
Antigua and Barbuda | Bahamas | Marshall Islands Cruise Ships
18%
Ivory Coast | Sao Tome and Principe Cocoa Beans
14%
France Airplanes
13%
Eritrea | Kosovo Zinc
13%
Bosnia and Herzegovina | Laos Electrical Energy
12%
Thailand Machinery
12%
Albania Footwear
10%
Djibouti | Somalia Sheeps and Goats
10%
Cuba Cigars
9%
Denmark | Italy Drugs
9%
Ukraine Sunflower seed
9%
Costa Rica Medical instruments
8%
Gambia | Guinea Bissau Nuts
8%
San Marino Machines
6%
Dominica Medical Instruments
6%
Grenada Nutmeg
6%
Sierra Leone Titanium
6%
North Korea Watches
6%
Pakistan Bed Linen
5%
Ireland Blood
4%
Comoros Cloves
4%
Cambodia Jerseys
4%
Malawi Tobaco
4%
Nauru Calcium
3%
Belieze Sugar Canes
3%
Haiti | Honduras | Nicaragua T Shirt
3%
Madagascar Vanila
3%
Moldova | Serbia | Tunisia Wires
3%
Bangladesh Suits
1%
China | Estonia | Saint Kitts and Nevis Transmission apparatus
1%
El Salvador T Shirts
1%
Nepal Yarn
1%
Barbados Alchohol
0%
Bhutan Ferro Aloys
0%
Jordan Fretilizers
0%
North Macedonia Reaction Intilators
0%
No matching quizzes found
Score Distribution
Percent of People with Each Score
Percentile by Number Answered
Your Score History
You have not taken this quiz